| 000 | 01763nam a2200493 i 4500 | ||
|---|---|---|---|
| 001 | 25854 | ||
| 003 | KOSZ 005 | ||
| 005 | 20200729102404.0 | ||
| 008 | 200729s1973 pl a f f 000 0 pol | ||
| 015 | _aPB 1974/975 | ||
| 035 | _a991028198979705066 | ||
| 035 | _a(PL-WaBN)b17635664-48omnis_nlop | ||
| 035 | _ab17635664 | ||
| 035 | _a(OCoLC)838771714 | ||
| 035 | _a(PL)b0000001763566 | ||
| 035 | _a(EXLNZ-48OMNIS_NETWORK)9910433332605606 | ||
| 040 |
_aWA N _cWA N _dKOSZ 005/HR _dKOSZ 005/RW |
||
| 046 | _k1973 | ||
| 080 | _a621.8 | ||
| 080 | _a(075.8) | ||
| 100 | 1 |
_aSauter, Tomasz _eAutor |
|
| 245 | 1 | 0 |
_aTransport wewnętrzny / _cTomasz Sauter ; Wyższa Szkoła Inżynierska im. Jan i Jędrzeja Śniadeckich. |
| 250 | _aWydanie 2 poprawione. | ||
| 260 |
_aBydgoszcz : _bWyższa Szkoła Inżynierska im. Jan i Jędrzeja Śniadeckich, _c1973. |
||
| 300 |
_a252 strony, [1] trona. tablic : _bilustracje ; _c24 cm. |
||
| 336 |
_aTekst _btxt _2rdacontent |
||
| 337 |
_aBez urządzenia pośredniczącego _bn _2rdamedia |
||
| 338 |
_aWolumin _bnc _2rdacarrier |
||
| 380 | _aKsiążki | ||
| 380 | _aPublikacje dydaktyczne | ||
| 385 |
_mPoziom nauczania _aSzkoły wyzsze |
||
| 388 | 1 | _a1901-2000 | |
| 388 | 1 | _a1945-1989 | |
| 504 | _aBibliografia na stronach [247]-248. | ||
| 650 | 7 |
_aTransport wewnętrzny _2DBN |
|
| 650 | 7 | _aUrządzenia | |
| 655 | 7 |
_aPodręczniki akademickie _2DBN |
|
| 658 | _aInżynieria i technika | ||
| 658 | _aTransport i logistyka | ||
| 710 | 2 |
_aWydawnictwa Uczelniane Akademii Techniczno-Rolniczej (Bydgoszcz) _4pbl |
|
| 856 |
_uhttp://koha.tu.koszalin.pl/cgi-bin/koha/opac-detail.pl?biblionumber=25854 _yKatalog online BPK |
||
| 942 |
_2UKD _cKS |
||
| 999 |
_c25854 _d25854 |
||